<?xml version="1.0" encoding="UTF-8"?>
<record
    xmlns:xsi="http://www.w3.org/2001/XMLSchema-instance"
    xsi:schemaLocation="http://www.loc.gov/MARC21/slim http://www.loc.gov/standards/marcxml/schema/MARC21slim.xsd"
    xmlns="http://www.loc.gov/MARC21/slim">

  <leader>01039nam a22002417a 4500</leader>
  <controlfield tag="005">20170124103214.0</controlfield>
  <datafield tag="010" ind1=" " ind2=" ">
    <subfield code="a">A-984974</subfield>
  </datafield>
  <datafield tag="020" ind1=" " ind2=" ">
    <subfield code="c">200.00</subfield>
    <subfield code="a">8173290792</subfield>
  </datafield>
  <datafield tag="035" ind1=" " ind2=" ">
    <subfield code="a">A-984974</subfield>
  </datafield>
  <datafield tag="037" ind1=" " ind2=" ">
    <subfield code="b">Cen Lib/Ret</subfield>
  </datafield>
  <datafield tag="040" ind1=" " ind2=" ">
    <subfield code="a">DPL</subfield>
    <subfield code="b">HN</subfield>
  </datafield>
  <datafield tag="082" ind1=" " ind2=" ">
    <subfield code="a">133.5</subfield>
    <subfield code="b">&#x915;&#x943;&#x937;&#x94D;&#x923;&#x905; </subfield>
  </datafield>
  <datafield tag="100" ind1=" " ind2=" ">
    <subfield code="a">&#x915;&#x943;&#x937;&#x94D;&#x923; &#x905;&#x936;&#x93E;&#x902;&#x924; </subfield>
    <subfield code="9">97343</subfield>
  </datafield>
  <datafield tag="245" ind1=" " ind2=" ">
    <subfield code="a">&#x932;&#x93E;&#x932; &#x915;&#x93F;&#x924;&#x93E;&#x92C; &#x91C;&#x94D;&#x92F;&#x94B;&#x924;&#x93F;&#x937; :</subfield>
    <subfield code="c">&#x915;&#x943;&#x937;&#x94D;&#x923; &#x905;&#x936;&#x93E;&#x902;&#x924; </subfield>
    <subfield code="b">&#x92A;&#x943;&#x937;&#x94D;&#x920;&#x92D;&#x942;&#x92E;&#x93F; &#x914;&#x930; &#x935;&#x94D;&#x92F;&#x93E;&#x916;&#x94D;&#x92F;&#x93E; /</subfield>
  </datafield>
  <datafield tag="246" ind1=" " ind2=" ">
    <subfield code="a">Lal kitan jyotish : prishthbhoomi aur vkahya /</subfield>
    <subfield code="b">by Krishn Ashant </subfield>
  </datafield>
  <datafield tag="250" ind1=" " ind2=" ">
    <subfield code="a">3rd ed </subfield>
  </datafield>
  <datafield tag="260" ind1=" " ind2=" ">
    <subfield code="a">&#x926;&#x93F;&#x932;&#x94D;&#x932;&#x940; </subfield>
    <subfield code="b">&#x936;&#x93F;&#x932;&#x93E;&#x932;&#x947;&#x916; </subfield>
    <subfield code="c">2000</subfield>
  </datafield>
  <datafield tag="270" ind1=" " ind2=" ">
    <subfield code="b">&#x926;&#x93F;&#x932;&#x94D;&#x932;&#x940;</subfield>
    <subfield code="a">4/32, &#x938;&#x941;&#x92D;&#x93E;&#x937; &#x917;&#x932;&#x940;, &#x935;&#x93F;&#x936;&#x94D;&#x935;&#x93E;&#x938; &#x928;&#x917;&#x930;, &#x936;&#x93E;&#x939;&#x926;&#x930;&#x93E; </subfield>
    <subfield code="e">110032 </subfield>
  </datafield>
  <datafield tag="300" ind1=" " ind2=" ">
    <subfield code="a">254&#x92A;&#x943; </subfield>
    <subfield code="c">20&#x938;&#x947;&#x92E;&#x940;(&#x938;&#x91C;&#x93F;&#x932;&#x94D;&#x926; ) </subfield>
  </datafield>
  <datafield tag="650" ind1=" " ind2=" ">
    <subfield code="a">&#x91C;&#x94D;&#x92F;&#x94B;&#x924;&#x93F;&#x937;, &#x92D;&#x93E;&#x930;&#x924;&#x940;&#x92F;</subfield>
    <subfield code="x"> </subfield>
    <subfield code="z"> </subfield>
    <subfield code="9">97344</subfield>
  </datafield>
  <datafield tag="650" ind1=" " ind2=" ">
    <subfield code="a">Astrology, Indic.</subfield>
    <subfield code="9">97345</subfield>
  </datafield>
  <datafield tag="942" ind1=" " ind2=" ">
    <subfield code="2">ddc</subfield>
    <subfield code="c">HN</subfield>
    <subfield code="h">133.5 </subfield>
    <subfield code="m">&#x915;&#x943;&#x937;&#x94D;&#x923;&#x905; </subfield>
  </datafield>
  <datafield tag="999" ind1=" " ind2=" ">
    <subfield code="c">121431</subfield>
    <subfield code="d">121431</subfield>
  </datafield>
  <datafield tag="952" ind1=" " ind2=" ">
    <subfield code="0">0</subfield>
    <subfield code="1">0</subfield>
    <subfield code="4">0</subfield>
    <subfield code="7">0</subfield>
    <subfield code="a">L</subfield>
    <subfield code="b">L</subfield>
    <subfield code="d">2015-10-06</subfield>
    <subfield code="e">Cen Lib/Ref</subfield>
    <subfield code="g">200.00</subfield>
    <subfield code="l">0</subfield>
    <subfield code="o">133.5 &#x915;&#x943;&#x937;&#x94D;&#x923;&#x905;</subfield>
    <subfield code="p">A-984974</subfield>
    <subfield code="r">2015-10-06 00:00:00</subfield>
    <subfield code="t">1</subfield>
    <subfield code="v">200.00</subfield>
    <subfield code="w">2015-10-06</subfield>
    <subfield code="y">HN</subfield>
  </datafield>
</record>
